00323nam a2200133Ia 4500003000400000008004100004020002300045040000800068100001800076245004000094260003400134300001000168365001100178LDD181029s9999 xx 000 0 und d a8189000942c995.00 cLDD aWeber, Alfred 0aHistory of philosophycAlfred Weber aNew DelhibVishvabhartic2007 a595p. b995.00